[Event "Dubai op"]
[Site "Dubai"]
[Date "2001.04.19"]
[Round "5"]
[White "Heidenfeld, Mark"]
[Black "Abdullah, Mansoor"]
[Result "0-1"]
[WhiteElo "2403"]
[BlackElo "2258"]
[PlyCount "134"]
[EventDate "2001.04.15"]
[EventType "swiss"]
[EventRounds "9"]
[EventCountry "UAE"]
[SourceTitle "CBM 083"]
[Source "ChessBase"]
[SourceDate "2001.07.05"]
[SourceVersion "1"]
[SourceVersionDate "2001.07.05"]
[SourceQuality "1"]

1. e4 c5 2. Nf3 Nc6 3. d4 cxd4 4. Nxd4 g6 5. c4 Bg7 6. Be3 d6 7. Nc3 Nf6 8. Be2 0-0 9. 0-0 Bd7 10. f3 Qa5 11. Qd2 Rfc8 12. Rfd1 Nxd4 13. Bxd4 Be6 14. b3 Nd7 15. Nd5 Bxd4+ 16. Qxd4 Bxd5 17. Qxd5 Qc5+ 18. Kf1 Rc7 19. g3 a5 20. Qd2 Qb4 21. Kg2 Qxd2 22. Rxd2 Kg7 23. Kf2 a4 24. b4 Ne5 25. Rc2 Nc6 26. a3 Nd4 27. Rc3 Rac8 28. Rac1 f5 29. exf5 gxf5 30. f4 Kf6 31. Ke3 Nb5 32. Rd3 Rxc4 33. Rxc4 Rxc4 34. Rd5 Re4+ 35. Kd3 Nxa3 36. Bg4 e6 37. Rxd6 Rxb4 38. Bd1 b5 39. Rd7 Rb1 40. Bh5 e5 41. Rd6+ Ke7 42. fxe5 Nc4 43. Rh6 Nxe5+ 44. Kd4 a3 45. Ra6 Nc6+ 46. Kc5 b4 47. Kxc6 b3 48. Ra7+ Kf6 49. Kd5 b2 50. Ra6+ Kg7 51. Rxa3 Ra1 52. Rb3 b1Q 53. Rxb1 Rxb1 54. Ke5 Rb5+ 55. Kf4 Kf6 56. Bf3 Rb4+ 57. Ke3 Ke5 58. Kf2 Rb2+ 59. Kg1 Kd4 60. Bh5 Ke3 61. Be8 Rb8 62. Bh5 Rg8 63. Kf1 Rg5 64. Be8 h5 65. Bf7 h4 66. gxh4 Rg4 67. h5 Rh4 0-1

[Event "Olympiad-34"]
[Site "Istanbul"]
[Date "2000.11.06"]
[Round "9.4"]
[White "Hassan, Sayed Barakat"]
[Black "Abdullah, Mansoor"]
[Result "1-0"]
[WhiteElo "2365"]
[BlackElo "2290"]
[PlyCount "51"]
[EventDate "2000.10.28"]
[EventType "team-swiss"]
[EventRounds "14"]
[EventCountry "TUR"]
[SourceTitle "EXT 2001"]
[Source "ChessBase"]
[SourceDate "2000.11.22"]
[SourceVersion "1"]
[SourceVersionDate "2000.11.22"]
[SourceQuality "1"]
[WhiteTeam "Egypt"]
[BlackTeam "United Arab Emirates"]
[WhiteTeamCountry "EGY"]
[BlackTeamCountry "UAE"]

1. e4 c5 2. Nc3 Nc6 3. Nf3 g6 4. Bb5 Bg7 5. 0-0 d6 6. Re1 a6 7. Bxc6+ bxc6 8. e5 d5 9. b3 Qa5 10. Na4 Bg4 11. h3 Bxf3 12. Qxf3 c4 13. Qe3 e6 14. Rb1 cxb3 15. Qxb3 Qb5 16. Qc3 d4 17. Rxb5 dxc3 18. Rb7 cxd2 19. Bxd2 Ne7 20. Bb4 Nd5 21. Bd6 Bf8 22. c4 Bxd6 23. cxd5 Bxe5 24. Rxe5 cxd5 25. Nb6 Rd8 26. Nxd5 1-0

[Event "Olympiad-34"]
[Site "Istanbul"]
[Date "2000.11.02"]
[Round "6.3"]
[White "Abdullah, Mansoor"]
[Black "Elkuch, Harald"]
[Result "1-0"]
[WhiteElo "2290"]
[BlackElo "2126"]
[PlyCount "93"]
[EventDate "2000.10.28"]
[EventType "team-swiss"]
[EventRounds "14"]
[EventCountry "TUR"]
[SourceTitle "EXT 2001"]
[Source "ChessBase"]
[SourceDate "2000.11.22"]
[SourceVersion "1"]
[SourceVersionDate "2000.11.22"]
[SourceQuality "1"]
[WhiteTeam "United Arab Emirates"]
[BlackTeam "Liechtenstein"]
[WhiteTeamCountry "UAE"]
[BlackTeamCountry "LIE"]

1. e4 c5 2. Nf3 d6 3. d4 cxd4 4. Qxd4 a6 5. c4 Nc6 6. Qd2 Nf6 7. Nc3 g6 8. b3 Bg7 9. Bb2 0-0 10. Be2 Qa5 11. Rb1 Bg4 12. h3 Bxf3 13. Bxf3 Ne5 14. Be2 Rac8 15. 0-0 b5 16. cxb5 axb5 17. f3 Rc7 18. Rfd1 b4 19. Na4 Rfc8 20. Qe3 Rc2 21. f4 Ned7 22. Bd3 R2c6 23. Rf1 Nc5 24. Nxc5 Rxc5 25. Bd4 R5c6 26. Rf2 Bh6 27. Qf3 Nd7 28. Bc4 e6 29. Qg4 d5 30. exd5 exd5 31. Bd3 Rc1+ 32. Kh2 Rxb1 33. Qxd7 Rbc1 34. g3 R1c7 35. Qd6 Bg7 36. Bb6 Rc6 37. Qxc6 Rxc6 38. Bxa5 Bc3 39. Kg2 d4 40. Kf3 Rc8 41. g4 f6 42. Re2 Kf7 43. f5 Kg7 44. Re7+ Kh6 45. h4 g5 46. hxg5+ Kxg5 47. Rxh7 1-0

[Event "Olympiad-34"]
[Site "Istanbul"]
[Date "2000.10.31"]
[Round "4.3"]
[White "Mynn, Htoo"]
[Black "Abdullah, Mansoor"]
[Result "1-0"]
[WhiteElo "2479"]
[BlackElo "2290"]
[PlyCount "75"]
[EventDate "2000.10.28"]
[EventType "team-swiss"]
[EventRounds "14"]
[EventCountry "TUR"]
[SourceTitle "EXT 2001"]
[Source "ChessBase"]
[SourceDate "2000.11.22"]
[SourceVersion "1"]
[SourceVersionDate "2000.11.22"]
[SourceQuality "1"]
[WhiteTeam "Myanmar"]
[BlackTeam "United Arab Emirates"]
[WhiteTeamCountry "MYA"]
[BlackTeamCountry "UAE"]

1. d4 Nf6 2. Bg5 g6 3. Bxf6 exf6 4. g3 d5 5. Bg2 c6 6. e3 Qb6 7. b3 Bf5 8. Ne2 Na6 9. c3 Nc7 10. 0-0 h5 11. c4 Be4 12. Nbc3 Bxg2 13. Kxg2 h4 14. cxd5 Nxd5 15. Nxd5 cxd5 16. Nf4 Qd6 17. Qg4 Rd8 18. Rac1 g5 19. Nd3 Qe6 20. Qxe6+ fxe6 21. Rc7 Rd7 22. Rfc1 Bd6 23. Rxb7 Ke7 24. Rb5 h3+ 25. Kf3 f5 26. Ra5 Rb8 27. Ra6 Rb6 28. Ra4 g4+ 29. Ke2 Kd8 30. Nc5 Bxc5 31. Rxc5 Rdb7 32. Kd2 Re7 33. Rca5 Rbb7 34. Ra6 Kc8 35. Rc6+ Kd7 36. Raa6 Rb6 37. Rcxb6 axb6 38. Ra7+ 1-0

[Event "Olympiad-34"]
[Site "Istanbul"]
[Date "2000.10.28"]
[Round "1.4"]
[White "Abdullah, Mansoor"]
[Black "Ruck, Robert"]
[Result "0-1"]
[WhiteElo "2290"]
[BlackElo "2489"]
[PlyCount "68"]
[EventDate "2000.10.28"]
[EventType "team-swiss"]
[EventRounds "14"]
[EventCountry "TUR"]
[SourceTitle "EXT 2001"]
[Source "ChessBase"]
[SourceDate "2000.11.22"]
[SourceVersion "1"]
[SourceVersionDate "2000.11.22"]
[SourceQuality "1"]
[WhiteTeam "United Arab Emirates"]
[BlackTeam "Hungary"]
[WhiteTeamCountry "UAE"]
[BlackTeamCountry "HUN"]

1. e4 c5 2. Nf3 d6 3. d4 cxd4 4. Qxd4 a6 5. c4 Nc6 6. Qd2 g6 7. Nc3 Bh6 8. Qd3 Bg7 9. h3 Nf6 10. Be2 Nd7 11. Be3 0-0 12. Qd2 Qa5 13. Bh6 Bxc3 14. bxc3 Re8 15. Nd4 Nf6 16. f3 Ne5 17. Bg5 Qc7 18. h4 Nxc4 19. Bxc4 Qxc4 20. h5 Nd7 21. hxg6 fxg6 22. Nc2 Qf7 23. Ne3 Nf6 24. Qd4 Be6 25. Rh4 Rac8 26. Rf4 Kg7 27. Rh4 Rc5 28. f4 Rec8 29. Rc1 Kg8 30. Kd2 Ra5 31. Rc2 Bxa2 32. c4 Bb1 33. Bxf6 Qxf6 34. Qxf6 exf6 0-1

[Event "Abu Dhabi op 10th"]
[Site "Abu Dhabi"]
[Date "2000.08.27"]
[Round "2"]
[White "Adnan, Alrais"]
[Black "Abdullah, Mansoor"]
[Result "1-0"]
[WhiteElo "2142"]
[BlackElo "2290"]
[PlyCount "76"]
[EventDate "2000.08.26"]
[EventType "swiss"]
[EventRounds "9"]
[EventCountry "UAE"]
[SourceTitle "CBM 077 Extra"]
[Source "ChessBase"]
[SourceDate "2000.09.14"]
[SourceVersion "1"]
[SourceVersionDate "2000.09.14"]
[SourceQuality "1"]

1. d4 Nf6 2. c4 g6 3. Nc3 d5 4. cxd5 Nxd5 5. e4 Nxc3 6. bxc3 Bg7 7. Bc4 c5 8. Ne2 0-0 9. Be3 Nc6 10. 0-0 Na5 11. Bd3 cxd4 12. cxd4 Bg4 13. f3 Be6 14. d5 Bxa1 15. Qxa1 f6 16. Bh6 Re8 17. Kh1 Bf7 18. Bb5 Rf8 19. Qd4 Qd6 20. Bxf8 Kxf8 21. Qc3 b6 22. Ba6 Rd8 23. Rc1 Kg8 24. Nd4 Qe5 25. h3 f5 26. Qc7 Qxc7 27. Rxc7 fxe4 28. fxe4 Bxd5 29. exd5 Rxd5 30. Nb3 Kf8 31. Rxa7 Nxb3 32. axb3 Rd1+ 33. Kh2 Rb1 34. Bc4 b5 35. Be6 Kg7 36. Rxe7+ Kf6 37. Re8 Re1 38. Bd7 Rb1 1-0

[Event "Olympiad-30"]
[Site "Manila"]
[Date "1992.06.24"]
[Round "14.1"]
[White "Abdullah, Mansoor"]
[Black "Atalik, Suat"]
[Result "0-1"]
[WhiteElo "2280"]
[BlackElo "2455"]
[PlyCount "54"]
[EventDate "1992.06.08"]
[EventType "team-swiss"]
[EventRounds "14"]
[EventCountry "PHI"]
[SourceTitle "TD"]
[Source "ChessBase"]
[SourceDate "1994.03.01"]
[SourceVersion "1"]
[SourceVersionDate "1994.03.01"]
[SourceQuality "1"]
[WhiteTeam "United Arab Emirates"]
[BlackTeam "Turkey"]
[WhiteTeamCountry "UAE"]
[BlackTeamCountry "TUR"]

1. e4 c5 2. Nf3 d6 3. d4 cxd4 4. Qxd4 a6 5. c4 Nc6 6. Qd2 g6 7. b3 Bg7 8. Nc3 Bg4 9. Be2 Nf6 10. Bb2 0-0 11. Rb1 Nd7 12. 0-0 Nc5 13. h3 Bd7 14. Ba1 a5 15. Bd1 f5 16. Bc2 Nb4 17. Rbe1 fxe4 18. Bxe4 Nxe4 19. Nxe4 Bxa1 20. Rxa1 Rxf3 21. gxf3 Qf8 22. Kg2 Bxh3+ 23. Kxh3 Qxf3+ 24. Ng3 Nd3 25. Kh2 Nf4 26. Qxf4 Qxf4 27. Kg2 Rf8 0-1

[Event "Olympiad-30"]
[Site "Manila"]
[Date "1992.06.16"]
[Round "8.1"]
[White "Abdullah, Mansoor"]
[Black "Nascimento, Alexandre"]
[Result "1-0"]
[WhiteElo "2280"]
[BlackElo "2295"]
[PlyCount "79"]
[EventDate "1992.06.08"]
[EventType "team-swiss"]
[EventRounds "14"]
[EventCountry "PHI"]
[SourceTitle "TD"]
[Source "ChessBase"]
[SourceDate "1994.03.01"]
[SourceVersion "1"]
[SourceVersionDate "1994.03.01"]
[SourceQuality "1"]
[WhiteTeam "United Arab Emirates"]
[BlackTeam "Angola"]
[WhiteTeamCountry "UAE"]
[BlackTeamCountry "ANG"]

1. e4 e5 2. Nc3 Nf6 3. g3 Nc6 4. Bg2 Bc5 5. h3 d6 6. Na4 Bb6 7. Nxb6 axb6 8. d3 Be6 9. Nf3 0-0 10. 0-0 d5 11. exd5 Nxd5 12. Ng5 Re8 13. Kh2 h6 14. Nxe6 Rxe6 15. Bd2 Qd6 16. a3 Rae8 17. b4 Kh8 18. Qh5 Nd4 19. Qd1 f5 20. c3 Nc6 21. Qc2 f4 22. b5 Nd8 23. c4 Nf6 24. Bb4 Qd7 25. Rfe1 c5 26. Bc3 fxg3+ 27. fxg3 Nf7 28. Re3 R6e7 29. Rae1 Qf5 30. Rf1 Qh5 31. Qe2 Qg6 32. Qf3 Nd6 33. Rfe1 e4 34. Qf4 Nf5 35. Bxf6 Nxe3 36. Bxe7 Nxg2 37. Qxe4 Qxe4 38. Rxe4 Ne1 39. Rxe1 Kg8 40. Re4 1-0

[Event "Eger op"]
[Site "Eger"]
[Date "1992.??.??"]
[Round "?"]
[White "Orel, Oskar"]
[Black "Abdullah, Mansoor"]
[Result "1-0"]
[WhiteElo "2320"]
[BlackElo "2280"]
[PlyCount "34"]
[EventDate "1992.??.??"]
[EventType "swiss"]
[EventRounds "9"]
[EventCountry "HUN"]
[SourceTitle "EXT 1997"]
[Source "ChessBase"]
[SourceDate "1996.11.15"]
[SourceVersion "1"]
[SourceVersionDate "1996.11.15"]
[SourceQuality "1"]

1. e4 c5 2. Nf3 Nf6 3. e5 Nd5 4. g3 d6 5. Bg2 g6 6. d4 Nc6 7. 0-0 Bg7 8. dxc5 dxc5 9. c3 0-0 10. Ng5 Nb6 11. e6 f6 12. Ne4 Qxd1 13. Rxd1 Bxe6 14. Nxc5 Rad8 15. Re1 Bc8 16. Na3 e5 17. Nb5 Rf7 1-0

[Event "Kuala Lumpur op"]
[Site "Kuala Lumpur"]
[Date "1992.??.??"]
[Round "7"]
[White "Reuben, Stewart"]
[Black "Abdullah, Mansoor"]
[Result "1-0"]
[WhiteElo "2200"]
[BlackElo "2280"]
[PlyCount "94"]
[EventDate "1992.??.??"]
[EventType "swiss"]
[EventRounds "9"]
[EventCountry "MAS"]
[SourceTitle "CBM 031 Extra"]
[Source "ChessBase"]
[SourceDate "1993.01.01"]
[SourceVersion "1"]
[SourceVersionDate "1993.01.01"]
[SourceQuality "1"]

1. d4 Nf6 2. c4 g6 3. g3 Bg7 4. Bg2 d5 5. cxd5 Nxd5 6. e4 Nb6 7. Ne2 0-0 8. 0-0 Nc6 9. d5 Ne5 10. Nbc3 Bd7 11. f4 Nec4 12. b3 Nd6 13. Nd4 Rc8 14. Be3 c5 15. dxc6 Bxc6 16. Qd2 e5 17. Nxc6 Rxc6 18. f5 Qc7 19. Bxb6 Qxb6+ 20. Kh1 Qb4 21. Nb1 Qxd2 22. Nxd2 Rc2 23. Rfd1 gxf5 24. exf5 Nxf5 25. Be4 Ne3 26. Bxc2 Nxc2 27. Rac1 Ne3 28. Re1 Bh6 29. Rc5 Ng4 30. Re2 Rd8 31. Nc4 Bg7 32. h3 Nh6 33. Nxe5 Re8 34. Re1 f6 35. Nf3 Rd8 36. Rc7 Nf5 37. g4 Rd3 38. Re8+ Bf8 39. gxf5 Rxf3 40. Rcc8 Rxf5 41. Rxf8+ Kg7 42. Rg8+ Kh6 43. Rc7 Rf1+ 44. Kg2 Rd1 45. Rxb7 Rd2+ 46. Kg3 Rxa2 47. Rb4 Ra5 1-0

[Event "Olympiad-29"]
[Site "Novi Sad"]
[Date "1990.11.30"]
[Round "12"]
[White "Harandi, Khosro"]
[Black "Abdullah, Mansoor"]
[Result "1/2-1/2"]
[WhiteElo "2425"]
[BlackElo "2250"]
[PlyCount "85"]
[EventDate "1990.11.17"]
[EventType "team-swiss"]
[EventRounds "14"]
[EventCountry "YUG"]
[SourceTitle "EXT 2019"]
[Source "ChessBase"]
[SourceDate "2018.10.10"]
[SourceVersion "1"]
[SourceVersionDate "2018.10.10"]
[SourceQuality "1"]
[WhiteTeam "Iran"]
[BlackTeam "United Arab Emirates"]
[WhiteTeamCountry "IRI"]
[BlackTeamCountry "UAE"]

1. e4 c6 2. d4 d5 3. Nc3 dxe4 4. Nxe4 Nf6 5. Ng3 e6 6. Nf3 c5 7. Bd3 Nc6 8. dxc5 Bxc5 9. 0-0 0-0 10. Bg5 Be7 11. Qd2 Qc7 12. Rfe1 Rd8 13. a3 b6 14. Bf4 Bd6 15. Bxd6 Qxd6 16. Rad1 Qf8 17. Qf4 Bb7 18. h4 Rac8 19. h5 Ne7 20. Ne5 h6 21. c4 Nc6 22. Nf3 Ne7 23. b4 Qe8 24. b5 Rc5 25. Ne5 Rdc8 26. Re3 Rd8 27. a4 Nc8 28. Ree1 Nd6 29. Bf1 Qe7 30. Ra1 Qc7 31. Qe3 Nde4 32. Nxe4 Bxe4 33. f4 Rxe5 34. fxe5 Ng4 35. Qg3 Qc5+ 36. Kh1 Nf2+ 37. Kh2 f5 38. exf6 Qxh5+ 39. Kg1 Ng4 40. Qc7 Rd7 41. Qf4 Qc5+ 42. Kh1 Qh5+ 43. Kg1 1/2-1/2

[Event "Olympiad-29"]
[Site "Novi Sad"]
[Date "1990.11.29"]
[Round "11"]
[White "Abdullah, Mansoor"]
[Black "Reyes Najera, Carlos Antonio"]
[Result "1-0"]
[WhiteElo "2250"]
[BlackElo "2240"]
[PlyCount "89"]
[EventDate "1990.11.17"]
[EventType "team-swiss"]
[EventRounds "14"]
[EventCountry "YUG"]
[SourceTitle "EXT 2019"]
[Source "ChessBase"]
[SourceDate "2018.10.10"]
[SourceVersion "1"]
[SourceVersionDate "2018.10.10"]
[SourceQuality "1"]
[WhiteTeam "United Arab Emirates"]
[BlackTeam "Guatemala"]
[WhiteTeamCountry "UAE"]
[BlackTeamCountry "GUA"]

1. e4 c5 2. Nf3 d6 3. d4 cxd4 4. Qxd4 Nc6 5. Bb5 Bd7 6. Bxc6 bxc6 7. c4 e5 8. Qd3 Be7 9. 0-0 Nf6 10. Nc3 0-0 11. Bg5 Ne8 12. Bxe7 Qxe7 13. Rfd1 Bg4 14. h3 Bxf3 15. Qxf3 Nc7 16. Ne2 Ne6 17. b4 Rab8 18. Rab1 c5 19. b5 Nd4 20. Qd3 Qe6 21. Nc3 f5 22. Nd5 f4 23. f3 g5 24. Rd2 h5 25. Kf2 Rb7 26. Rh1 Rg7 27. a4 g4 28. hxg4 hxg4 29. fxg4 f3 30. Rh4 fxg2+ 31. Kxg2 Nf3 32. Qxf3 Rxf3 33. Kxf3 Qf7+ 34. Kg2 Qg6 35. Kg3 Qg5 36. Rf2 Rf7 37. Rh8+ Kxh8 38. Rxf7 Kg8 39. Rxa7 Qc1 40. b6 Qa3+ 41. Kh4 Qb2 42. b7 Kh8 43. Kg5 Qb1 44. Nf6 Qc1+ 45. Kg6 1-0

[Event "Kuala Lumpur zt"]
[Site "Kuala Lumpur"]
[Date "1990.??.??"]
[Round "9"]
[White "Abdullah, Mansoor"]
[Black "Carless, David"]
[Result "1-0"]
[WhiteElo "2240"]
[BlackElo "2270"]
[PlyCount "123"]
[EventDate "1990.02.26"]
[EventType "swiss"]
[EventRounds "11"]
[EventCountry "MAS"]
[SourceTitle "EXT 1997"]
[Source "ChessBase"]
[SourceDate "1996.11.15"]
[SourceVersion "1"]
[SourceVersionDate "1996.11.15"]
[SourceQuality "1"]

1. d4 d6 2. e4 g6 3. f4 Bg7 4. Nf3 c6 5. a4 d5 6. e5 h5 7. Be2 Nh6 8. 0-0 Bg4 9. c3 e6 10. a5 Bf8 11. b4 Be7 12. Qa4 Kf8 13. Nbd2 Kg7 14. Nb3 Nd7 15. Bd2 Qc8 16. Nc5 Nf5 17. Bd3 Bxf3 18. Rxf3 h4 19. Rff1 Rd8 20. Rfb1 Nf8 21. Qd1 Qd7 22. Nb3 b6 23. axb6 axb6 24. Rxa8 Rxa8 25. Ra1 Qb7 26. Rxa8 Qxa8 27. Qa1 Qxa1+ 28. Nxa1 Nd7 29. Kf2 Kh6 30. Kf3 Kh5 31. Be2 Bd8 32. g4+ hxg3 33. hxg3 Kh6 34. Nb3 Kg7 35. g4 Ne7 36. Be1 Ng8 37. Bf2 Nh6 38. Bd3 Kh7 39. Be1 Kg7 40. Nd2 Kh7 41. Nf1 Kg7 42. Ne3 Nf8 43. Ba6 Nd7 44. Bg3 Kf8 45. Bf2 Ke8 46. Bd3 Nf8 47. c4 Kd7 48. cxd5 cxd5 49. f5 gxf5 50. gxf5 f6 51. Bb5+ Ke7 52. exf6+ Kf7 53. fxe6+ Kxe6 54. Bc6 Bxf6 55. Bxd5+ Kd7 56. Ke4 Ne6 57. Bxe6+ Kxe6 58. d5+ Kd7 59. Nc4 b5 60. Na3 Bc3 61. Bc5 Ng4 62. Kd3 1-0

[Event "Biel MTO op"]
[Site "Biel"]
[Date "1990.??.??"]
[Round "7"]
[White "Abdullah, Mansoor"]
[Black "Hug, Werner"]
[Result "0-1"]
[WhiteElo "2250"]
[BlackElo "2445"]
[PlyCount "54"]
[EventDate "1990.07.??"]
[EventType "swiss"]
[EventRounds "11"]
[EventCountry "SUI"]
[SourceTitle "EXT 2000"]
[Source "ChessBase"]
[SourceDate "1999.11.16"]
[SourceVersion "1"]
[SourceVersionDate "1999.11.16"]
[SourceQuality "1"]

1. e4 e6 2. d4 d5 3. Nc3 Bb4 4. e5 c5 5. a3 Ba5 6. Bd2 Nc6 7. Nb5 Nxd4 8. Nxd4 cxd4 9. Bb5+ Bd7 10. Bxd7+ Kxd7 11. Nf3 Bb6 12. 0-0 Rc8 13. Rc1 Kc7 14. Bg5 Ne7 15. Nxd4 Kb8 16. c3 h6 17. Bxe7 Qxe7 18. f4 Rc4 19. Rf2 Rhc8 20. Rb1 Qc7 21. Rd2 Bxd4+ 22. cxd4 Qb6 23. Kf2 f6 24. b4 fxe5 25. fxe5 Rf8+ 26. Kg3 Rc3+ 27. Kg4 h5+ 0-1

[Event "Asia-chT fin 07th"]
[Site "Singapore"]
[Date "1987.08.14"]
[Round "9"]
[White "Abdullah, Mansoor"]
[Black "Schepel, Kaarlo"]
[Result "1-0"]
[WhiteElo "2205"]
[BlackElo "2225"]
[PlyCount "103"]
[EventDate "1987.08.05"]
[EventType "team"]
[EventRounds "9"]
[EventCountry "SIN"]
[SourceTitle "EXT 1997"]
[Source "ChessBase"]
[SourceDate "1996.11.15"]
[SourceVersion "1"]
[SourceVersionDate "1996.11.15"]
[SourceQuality "1"]
[WhiteTeam "United Arab Emirates"]
[BlackTeam "Hong Kong"]
[WhiteTeamCountry "UAE"]
[BlackTeamCountry "HKG"]

1. e4 e5 2. Nf3 Nc6 3. Bc4 Nf6 4. d3 Bc5 5. c3 d6 6. 0-0 Bg4 7. b4 Bxf3 8. Qxf3 Nxb4 9. a4 Nc6 10. Bg5 h6 11. Bxf6 Qxf6 12. Qxf6 gxf6 13. Kh1 Na5 14. Ba2 Ke7 15. f4 a6 16. Nd2 Be3 17. Nf3 Bxf4 18. g3 Be3 19. Rae1 Ba7 20. Nh4 b5 21. axb5 axb5 22. Rf3 Bb6 23. Ref1 Nc4 24. Bxc4 bxc4 25. dxc4 Ra3 26. Rxf6 Rxc3 27. Rxf7+ Ke8 28. Ng6 Rg8 29. Ne7 Rf8 30. Rxf8+ Kxe7 31. R1f7+ Ke6 32. Rf6+ Kd7 33. Rxh6 Rxc4 34. Rh7+ Kc6 35. h4 Rxe4 36. h5 Re1+ 37. Kg2 e4 38. h6 Rg1+ 39. Kh2 Ra1 40. Re7 Ra2+ 41. Kh3 Bg1 42. h7 Rh2+ 43. Kg4 Bd4 44. Rxe4 Kd5 45. Rxd4+ Kxd4 46. h8Q+ Rxh8 47. Rxh8 c5 48. Kf3 d5 49. g4 c4 50. g5 Ke5 51. g6 Kf6 52. Rd8 1-0